CLINICAL LABORATOROY HEMATOLOGY (Record no. 21606)

MARC details
000 -LEADER
fixed length control field 00434nam a22001697a 4500
003 - CONTROL NUMBER IDENTIFIER
control field OSt
005 - DATE AND TIME OF LATEST TRANSACTION
control field 20211207101140.0
008 - FIXED-LENGTH DATA ELEMENTS--GENERAL INFORMATION
fixed length control field 211207b |||||||| |||| 00| 0 eng d
020 ## - INTERNATIONAL STANDARD BOOK NUMBER
International Standard Book Number 978-0-13-513732-1
040 ## - CATALOGING SOURCE
Original cataloging agency DDC
Transcribing agency HU
082 ## - DEWEY DECIMAL CLASSIFICATION NUMBER
Edition number 2ND
Classification number 616.150076
Item number 1
100 ## - MAIN ENTRY--PERSONAL NAME
Personal name SHIRLYN B. MCKENZIE
9 (RLIN) 21938
245 ## - TITLE STATEMENT
Title CLINICAL LABORATOROY HEMATOLOGY
250 ## - EDITION STATEMENT
Edition statement 2ND
260 ## - PUBLICATION, DISTRIBUTION, ETC.
Place of publication, distribution, etc. BOSTON
Name of publisher, distributor, etc. ELIZABETH ZEIBIG
Date of publication, distribution, etc. 2010
942 ## - ADDED ENTRY ELEMENTS (KOHA)
Source of classification or shelving scheme Dewey Decimal Classification
Koha item type Books like text book referance book
Suppress in OPAC No

No items available.